<?xml version="1.0" encoding="UTF-8"?>
<record
    xmlns:xsi="http://www.w3.org/2001/XMLSchema-instance"
    xsi:schemaLocation="http://www.loc.gov/MARC21/slim http://www.loc.gov/standards/marcxml/schema/MARC21slim.xsd"
    xmlns="http://www.loc.gov/MARC21/slim">

  <leader>01443nam a2200205Ia 4500</leader>
  <datafield tag="952" ind1=" " ind2=" ">
    <subfield code="0">0</subfield>
    <subfield code="1">0</subfield>
    <subfield code="4">0</subfield>
    <subfield code="7">0</subfield>
    <subfield code="a">11</subfield>
    <subfield code="b">11</subfield>
    <subfield code="d">2008-02-14</subfield>
    <subfield code="l">2</subfield>
    <subfield code="o">BD232 V34 2001</subfield>
    <subfield code="p">11 006920</subfield>
    <subfield code="r">2016-10-31</subfield>
    <subfield code="s">2016-10-31</subfield>
    <subfield code="t">1</subfield>
    <subfield code="w">2012-06-26</subfield>
    <subfield code="y">LB</subfield>
  </datafield>
  <datafield tag="999" ind1=" " ind2=" ">
    <subfield code="c">71773</subfield>
    <subfield code="d">71773</subfield>
  </datafield>
  <controlfield tag="008">200215b2001    mx  |||| |||| 00| 0 spa d</controlfield>
  <datafield tag="020" ind1=" " ind2=" ">
    <subfield code="a">9682321018</subfield>
  </datafield>
  <datafield tag="050" ind1=" " ind2=" ">
    <subfield code="a">BD232  </subfield>
    <subfield code="b">V34 2001</subfield>
  </datafield>
  <datafield tag="245" ind1=" " ind2=" ">
    <subfield code="a">Los valores humanos en M&#xE9;xico </subfield>
    <subfield code="c">/ coordinadores: Juliana, Gonz&#xE1;lez y Josu, Landa</subfield>
  </datafield>
  <datafield tag="250" ind1=" " ind2=" ">
    <subfield code="a">2a. edici&#xF3;n </subfield>
  </datafield>
  <datafield tag="260" ind1=" " ind2=" ">
    <subfield code="a">M&#xE9;xico </subfield>
    <subfield code="b">: siglo xxi editores: Universidad Nacional Aut&#xF3;noma de M&#xE9;xico </subfield>
    <subfield code="c">, 2001 </subfield>
  </datafield>
  <datafield tag="300" ind1=" " ind2=" ">
    <subfield code="a">289 p&#xE1;ginas </subfield>
  </datafield>
  <datafield tag="500" ind1=" " ind2=" ">
    <subfield code="a">Incluye: &#xCD;ndice, Pr&#xF3;logo (pp. 7 - 9)  </subfield>
  </datafield>
  <datafield tag="505" ind1=" " ind2=" ">
    <subfield code="a">Los valores sociales: entre lo p&#xFA;blico y lo privado  
Valores &#xE9;ticos y valores humanos (en torno a la ontolog&#xED;a del valor)  
La educaci&#xF3;n moral en M&#xE9;xico  
La doble moral y la l&#xF3;gica del g&#xE9;nero  
M&#xE9;xico en 1994: los s&#xED;ntomas de una crisis moral  
&#xC9;tica y pol&#xED;tica  
Donde lo relativo se vuelve absoluto (de la moral p&#xFA;blica a fin de siglo)  
Derechos humanos y democracia moderna  
Reflexiones -&#xBF;intempestivas? - sobre la igualdad  y la desigualdad  
Los valores tutelados por el derecho  
Los derechos ind&#xED;genas: nuevo enfoque del sistema internacional  
Periodismo: la &#xE9;tica el&#xE1;stica (la &#xE9;tica y los valores en el periodismo)  
&#xBF;Crisis del Estado-naci&#xF3;n?  
Los valores pol&#xED;ticos  </subfield>
  </datafield>
  <datafield tag="519" ind1=" " ind2=" ">
    <subfield code="a">Material Complementario / </subfield>
    <subfield code="d">(11 006920) </subfield>
  </datafield>
  <datafield tag="650" ind1=" " ind2="0">
    <subfield code="a">VALORES </subfield>
    <subfield code="v">DISCURSOS, ENSAYOS, CONFERENCIAS </subfield>
    <subfield code="z">M&#xC9;XICO </subfield>
  </datafield>
  <datafield tag="700" ind1=" " ind2=" ">
    <subfield code="a">Gonz&#xE1;lez, Juliana </subfield>
    <subfield code="e">coordinador </subfield>
  </datafield>
  <datafield tag="700" ind1=" " ind2=" ">
    <subfield code="a">Landa, Josu </subfield>
    <subfield code="e">coordinador </subfield>
  </datafield>
  <datafield tag="942" ind1=" " ind2=" ">
    <subfield code="c">LB</subfield>
  </datafield>
</record>
